21世紀埼玉西武ライオンズ開幕スタメン - Statistics

General Stats
  • This quiz has been taken 27 times
  • The average score is 191 of 260
Answer Stats
Answer % Correct
松井稼頭央
100%
2002 松井稼頭央
100%
2003 松井稼頭央
100%
2006 栗山巧
100%
中村剛也
100%
中村剛也
100%
栗山巧
100%
中村剛也
100%
栗山巧
100%
中村剛也
100%
栗山巧
100%
中村剛也
100%
栗山巧
100%
中村剛也
100%
栗山巧
100%
中村剛也
100%
栗山巧
100%
2014 栗山巧
100%
栗山巧
100%
中村剛也
100%
栗山巧
100%
中村剛也
100%
中村剛也
100%
栗山巧
100%
源田壮亮
100%
源田壮亮
100%
中村剛也
100%
源田壮亮
100%
栗山巧
100%
中村剛也
100%
源田壮亮
100%
中村剛也
100%
栗山巧
100%
源田壮亮
100%
栗山巧
100%
中村剛也
100%
中村剛也
100%
栗山巧
100%
源田壮亮
100%
栗山巧
100%
中村剛也
100%
源田壮亮
100%
源田壮亮
100%
源田壮亮
100%
炭谷銀仁朗
94%
浅村栄斗
94%
秋山翔吾
94%
浅村栄斗
94%
炭谷銀仁朗
94%
秋山翔吾
94%
浅村栄斗
94%
金子侑司
94%
炭谷銀仁朗
94%
秋山翔吾
94%
浅村栄斗
94%
炭谷銀仁朗
94%
金子侑司
94%
2015 秋山翔吾
94%
浅村栄斗
94%
森友哉
94%
炭谷銀仁朗
94%
2016 秋山翔吾
94%
浅村栄斗
94%
山川穂高
94%
炭谷銀仁朗
94%
2017 秋山翔吾
94%
浅村栄斗
94%
炭谷銀仁朗
94%
2018 秋山翔吾
94%
浅村栄斗
94%
山川穂高
94%
森友哉
94%
炭谷銀仁朗
94%
金子侑司
94%
2019 金子侑司
94%
秋山翔吾
94%
山川穂高
94%
森友哉
94%
森友哉
94%
山川穂高
94%
金子侑司
94%
2021 金子侑司
94%
森友哉
94%
山川穂高
94%
高橋光成
94%
森友哉
94%
山川穂高
94%
高橋光成
94%
山川穂高
94%
金子侑司
94%
高橋光成
94%
2024 金子侑司
94%
古賀悠斗
94%
今井達也
94%
古賀悠斗
94%
今井達也
94%
松坂大輔
88%
松坂大輔
88%
松坂大輔
88%
松坂大輔
88%
松坂大輔
88%
涌井秀章
88%
涌井秀章
88%
涌井秀章
88%
涌井秀章
88%
涌井秀章
88%
岸孝之
88%
岸孝之
88%
メヒア
88%
メヒア
88%
外崎修汰
88%
菊池雄星
88%
メヒア
88%
菊池雄星
88%
外崎修汰
88%
菊池雄星
88%
外崎修汰
88%
外崎修汰
88%
外崎修汰
88%
外崎修汰
88%
外崎修汰
88%
外崎修汰
88%
外崎修汰
88%
外崎修汰
88%
カブレラ
82%
カブレラ
82%
伊東勤
82%
伊東勤
82%
中島裕之
82%
カブレラ
82%
中島裕之
82%
細川亨
82%
中島裕之
82%
カブレラ
82%
片岡易之
82%
中島裕之
82%
カブレラ
82%
細川亨
82%
2008 片岡易之
82%
中島裕之
82%
細川亨
82%
2009 片岡易之
82%
中島裕之
82%
細川亨
82%
2010 片岡易之
82%
中島裕之
82%
細川亨
82%
2011 片岡易之
82%
中島裕之
82%
中島裕之
82%
西川愛也
82%
西川愛也
82%
ネビン
82%
西川愛也
82%
滝澤夏央
82%
G.G.佐藤
82%
G.G.佐藤
82%
G.G.佐藤
82%
G.G.佐藤
82%
G.G.佐藤
82%
2025 長谷川信哉
76%
長谷川信哉
76%
西口文也
71%
西口文也
71%
木村文紀
71%
木村文紀
71%
木村文紀
71%
木村文紀
71%
木村文紀
71%
木村文紀
71%
渡部聖弥
71%
2026 桑原将志
71%
渡部聖弥
71%
渡邉勇太朗
71%
多和田真三郎
65%
柘植世那
65%
コルデロ
65%
小島大河
65%
和田一浩
59%
和田一浩
59%
和田一浩
59%
フェルナンデス
59%
和田一浩
59%
和田一浩
59%
和田一浩
59%
和田一浩
59%
フェルナンデス
59%
2020 スパンジェンバーグ
59%
マキノン
59%
セデーニョ
59%
カナリオ
59%
銀仁朗
53%
2013 片岡治大
53%
ニール
53%
アギラー
53%
赤田将吾
47%
石井義人
47%
赤田将吾
47%
石井義人
47%
ブラゼル
47%
ボカチカ
47%
石井義人
47%
ボカチカ
47%
石井義人
47%
鬼崎裕司
47%
2022 鈴木将平
47%
大友進
41%
高山久
41%
2012 ヘルマン
41%
高山久
41%
ヘルマン
41%
牧田和久
41%
愛斗
41%
2023 ペイトン
41%
愛斗
41%
2001 小関竜也
35%
マクレーン
35%
小関竜也
35%
マクレーン
35%
高木浩之
35%
小関竜也
35%
後藤武敏
35%
高木浩之
35%
小関竜也
35%
後藤武敏
35%
野田浩輔
35%
高木浩之
35%
貝塚政秀
35%
ブラウン
35%
ブラウン
35%
永江恭平
35%
オグレディ
35%
ブランドン
35%
高木大成
29%
鈴木健
29%
鈴木健
29%
嶋重宣
29%
原拓也
29%
脇谷亮太
29%
若林楽人
29%
元山飛優
29%
佐藤友亮
24%
2005 佐藤友亮
24%
松坂健太
24%
清水崇行
24%
オーティズ
24%
熊代聖人
24%
ランサム
24%
坂田遼
24%
柴田博之
18%
2004 柴田博之
18%
大島裕行
18%
2007 福地寿樹
18%
リーファー
18%
田代将太郎
18%
宮地克彦
12%
平尾博嗣
12%
河田雄祐
6%
古屋剛
6%
山村祟嘉
6%
No matching quizzes found
Score Distribution
Percent of People with Each Score
Percentile by Number Answered
Your Score History
You have not taken this quiz